Extreme Robert Pattinson Quiz - Statistics

General Stats
  • This quiz has been taken 25 times
  • The average score is 8 of 15
Answer Stats
Hint Answer % Correct
how many siblings does he have? 2
88%
which character did he play in 'the twilight saga'? edward cullen
81%
who is his partner (as of feb2024)? suki waterhouse
81%
which harry potter movie did he play 'cedric diggory'? goblet of fire
75%
what is his full name? robert douglas thomas pattinson
75%
who was his former fiancee? fka twigs
63%
youngest? lizzy
50%
what was his first screen role in which he had been cut out of? vanity fair
50%
what was the name of his character in 'remember me'? tyler hawkins
38%
mums name? clare
31%
dads name? richard
31%
when is his birthday? 13 may 1986
25%
where was he born in london? barnes
25%
who is the oldest of his siblings? victoria
25%
who did his former lover,'kristen stewart', cheat on him with? rupert sanders
19%
No matching quizzes found
Score Distribution
Percent of People with Each Score
Percentile by Number Answered
Your Score History
You have not taken this quiz